Państwa z ponadprzeciętną dzietnością - nagła śmierć - Statystyki

Ogólne statystyki
  • Ten quiz został rozwiązany 41 razy
  • Średni wynik to 7 z 16
Answers on the Grid
Answers color-coded by a green-red scale on the quiz's grid according to % correct below.
Afganistan
Kanada
Chile
Chiny
Demokratycznej Republika Konga
Etiopia
Haiti
Honduras
Izrael
Włochy
Madagaskar
Meksyk
Mongolia
Nigeria
Oman
Pakistan
Papua Nowa Gwinea
Samoa
Somalia
Korea Południowa
Hiszpania
Szwecja
Syria
Tajlandia
Turcja
Ukraina
Jemen
 
Statystyki odpowiedzi
Odpowiedź % Poprawnych
5,9 Demokratycznej Republika Konga
87%
3,81 Etiopia
78%
4,66 Afganistan
65%
4,3 Nigeria
61%
3,5 Pakistan
57%
5,91 Somalia
57%
3,85 Madagaskar
52%
2,51 Haiti
43%
3,03 Papua Nowa Gwinea
39%
4,41 Jemen
35%
2,66 Syria
35%
3,75 Samoa
30%
2,45 Honduras
26%
2,48 Oman
26%
2,75 Izrael
22%
2,59 Mongolia
17%
Nie znaleziono quizów pasujących do podanych kryteriów
Rozkład punktacji
Procent ludzi z każdym wynikiem
Percentyl według liczby udzielonych odpowiedzi
Twoja historia wyników
Nie rozwiązałeś tego quizu